000 01595nam2a2200265 4500
001 rc\2874444
005 20260315051845.0
035 _a(NLR Aleph) 007027664
090 _a13583342
_c13583342
100 _a20110715d1932 u y0rusy50 ca
101 0 _arus
102 _aRU
105 _ay z |||||
200 1 _aБолезни ягодников
210 _d1932
461 0 _1001rc\2874436
_12001#$aИнструкции для наблюдательных пунктов$eВып. 2-$fНКЗ. Всесоюз. гос. объединение по борьбе с вредителями в сельском и лесном хозяйстве. Упр. службы учета$vВып. 11
_95971754
_aВсесоюзное объединение по борьбе с вредителями сельского и лесного хозяйства. Управление службы учета
_cЛенинград
_d1932
_fНКЗ. Всесоюз. гос. объединение по борьбе с вредителями в сельском и лесном хозяйстве. Упр. службы учета
_nУСУ ОБВ
_oВып. 2-
_tИнструкции для наблюдательных пунктов
_vВып. 11
700 1 _aБондарцев
_bА.С.
701 1 _aЗимина
_bВ.Н.
701 1 _7ca
_8rus
_aСтепанов
_bК. М.
_cд-р биол. наук
_f1900-1982
_gКонстантин Михайлович
_9215191
_3RU\NLR\AUTH\770215247
801 0 _aRU
_bNLR
_gpsbo
801 1 _aRU
_bELAR
_2rusmarc
852 _aNLR
_j32-15/231
942 _cUNSPEC
980 _aNB